000 00972cab a22002655a 4500
001 L138331
008 070530e2007 xxk f 000 0 eng d
035 _a(Sirsi) u138331
041 0 _aeng
100 1 _aPicarda, Dominic
245 0 0 _aInheritance tax
260 _c2007
490 0 _aInvestors Chronicle
_v25-31 May 2007 supplement, 3-14(11)
520 _aDiscusses inheritance tax charges, and ways in which one can minimise the charges. Discusses the options of wills and trusts for passing property on, discretionary will trusts, assets that are exempt from inheritance tax and the taxation of overseas property.
590 _aKA
651 4 _aUnited Kingdom
_y
690 _aPROPERTY-PROPERTY TAXATION
690 _aPROPERTY-PROPERTY APPRAISAL AND VALUATION-INHERITANCE VALUATION
700 1 _aLagerberg, Francesca
700 1 _aDronfield, Racheal
700 1 _aBolitho, Nigel
700 1 _aMcLeod, John
700 1 _aFranks, David
942 _n0
999 _c107130
_d107130